000 00787cam a2200253 i 4500
001 39346
003 Mx-PuUPA
005 20220425122438.0
008 140415s1961 sp gr 000 0 spa d
040 _aMx-PuUPA
_bspa
_cMx-PuUPA
_dMx-PuUPA
_erda
041 0 _aspa
100 1 _aCepeda Adán, José,
_d1916-
_eautor
_912504
245 1 0 _aEsquema para una historia de España /
_cJosé Cepeda Adán
264 1 _aMadrid :
_bAteneo,
_bEditora Nacional,
_c1961
300 _a60 páginas ;
_c19 cm.
336 _2rdacontent
_atexto
_btxt
337 _2rdamedia
_asin medio
_bn
338 _2rdacarrier
_avolumen
_bnc
490 0 _aO. Crece. o. Muere ;
_v157
651 4 _aEspaña
_xHistoria
942 _2ddc
_cLI
_h946
_iC395
999 _c39346
_d39346